[Event "World Cup"]
[Site "Barcelona"]
[Date "1989.03.??"]
[Round "12"]
[White "Ribli, Zoltan"]
[Black "Beliavsky, Alexander G"]
[Result "1-0"]
[WhiteElo "2625"]
[BlackElo "2640"]
[Annotator "Bulletin"]
[PlyCount "81"]
[EventDate "1989.03.??"]
[EventType "tourn"]
[EventRounds "17"]
[EventCountry "ESP"]
[EventCategory "15"]
[SourceTitle "CBM 012"]
[Source "ChessBase"]
[SourceDate "1989.10.01"]
[SourceVersion "1"]
[SourceVersionDate "1989.10.01"]
[SourceQuality "1"]

1. c4 e6 2. Nc3 d5 3. d4 Nf6 4. Nf3 dxc4 5. e4 Bb4 6. Bg5 c5 7. Bxc4 (7. e5
cxd4 (7... h6 $5 8. Bd2 $5 {-> Dreev,A-Georgadze,G/URS-YM Tbilisi/1989/1-0/41/
-> CBM 12 (kommentiert) -> Polugaevsky,L-Petursson,M/New York op/1989/1/2-1/2/
23/ -> CBM 12} (8. exf6 $6 hxg5 9. fxg7 Rg8 10. dxc5 (10. Bxc4 g4 11. d5 Bxc3+
12. bxc3 gxf3 13. Qxf3 e5 {Cebalo,M-Ruban,V/Belgrade GMA-op/1988/0-1/30/
->CBM10/S.68}) 10... Qxd1+ 11. Rxd1 Rxg7 $10 {-> CBM11/S.68})) 8. Qa4+ (8. Nxd4
Bxc3+ 9. bxc3 Qa5 10. exf6 Qxg5 11. fxg7 Qxg7 12. Qf3 O-O $1 $14) 8... Nc6 9.
O-O-O Bd7 10. Ne4 (10. Nxd4 $2 Bxc3 11. Nxc6 Qc7 12. Qxc4 Qxc6 13. bxc3 Ne4 14.
Be3 Nxc3 {Marin,M-Horvath,J/Dresden/1988/0-1/34/ ->CBM11/S.68}) 10... Be7 11.
exf6 gxf6 12. Bh4 Rc8 (12... Nb4 13. Qxb4 Bxb4 14. Nxf6+ Kf8 15. Rxd4 Be7 $1
$10 {Greenfeld,A-Kortschnoj,V/Beersheba/1988/1/2-1/2/22/ -> CBM9/S.65}) 13. Kb1
Na5 14. Qc2 e5 15. Nxd4 exd4 16. Rxd4 Qb6 17. Nxf6+ Bxf6 18. Qe4+ Kf8 $1 {N} (
18... Kd8 19. Be2 Rc7 20. Qe5 $1 Kc8 21. Qxf6 $16) 19. Bxf6 Qxf6 20. Rxd7 Re8
21. Qd4 Re1+ 22. Kc2 Qxd4 23. Rxd4 Ke7 24. g3 Rd8 25. Bg2 $1 $14 {Kasparov,
G-Ribli,Z/Barcelona WCup/1988/1/2-1/2/40/}) 7... cxd4 8. Nxd4 Bxc3+ 9. bxc3 Qa5
10. Bxf6 Qxc3+ 11. Kf1 gxf6 12. Rc1 Qb4 {'?' Bulletin. Bulletin: 'N'} (12...
Qa5 13. h4 $1 (13. Bb5+ Ke7 14. e5 fxe5 15. Qh5 Nd7 16. Qg5+ Kf8 17. Rxc8+ Rxc8
18. Bxd7 Qd8 $1 $10 {Ribli,Z-Tukmakov,V/München/1988/1/2-1/2/ -> CBM7 Oll,
L-Dokhoian,Y/URS-YM Vilnius/1988/1/2-1/2/24/ ->CBM7/S.47}) 13... Ke7 14. Rh3 {
-> CBM11/S.68}) 13. Bxe6 {'!' Bulletin.} Nc6 14. Nxc6 bxc6 15. Bxc8 Rxc8 16. h4
{'!' Bulletin.} O-O 17. Qg4+ Kh8 18. Rh3 c5 19. Rhc3 c4 {'?!' Bulletin.
Bulletin: '>= 19...Qd4(!) +/='} 20. Kg1 Rfd8 21. Qf5 {'!' Bulletin.} Qd6 22.
Rxc4 Rxc4 23. Rxc4 Qd1+ 24. Kh2 Qd6+ 25. g3 Kg7 26. a4 Qe5 27. Qxe5 fxe5 28.
Rc5 Rd4 29. Rxe5 Rxa4 30. Kh3 a5 31. Kg4 Ra2 32. f4 a4 33. Rg5+ Kf8 34. Ra5 Ra3
35. f5 f6 36. Ra7 Kg8 37. h5 h6 38. e5 fxe5 39. f6 Rb3 {'+-?' Bulletin.} (39...
e4 $1 $18 40. Kf5 Rxg3 41. Ke6 Rf3 42. Ra8+ Kh7 43. Rxa4 e3 44. Re4 Kg8 45. Ke7
Kh7 46. f7 Kg7 47. f8=Q+ Rxf8 48. Rg4+ Kh7 49. Kxf8 $18) 40. Kf5 a3 41. g4 1-0

[Event "World Cup"]
[Site "Skelleftea"]
[Date "1989.08.??"]
[Round "5"]
[White "Portisch, Lajos"]
[Black "Huebner, Robert"]
[Result "1/2-1/2"]
[WhiteElo "2600"]
[BlackElo "2605"]
[Annotator "Bulletin"]
[PlyCount "56"]
[EventDate "1989.08.??"]
[EventType "tourn"]
[EventRounds "15"]
[EventCountry "SWE"]
[EventCategory "16"]
[SourceTitle "CBM 014"]
[Source "ChessBase"]
[SourceDate "1990.02.01"]
[SourceVersion "1"]
[SourceVersionDate "1990.02.01"]
[SourceQuality "1"]

1. d4 Nf6 2. c4 e6 3. Nf3 d5 4. Nc3 dxc4 5. e4 Bb4 6. Bg5 c5 7. e5 cxd4 8. Nxd4
Qa5 9. exf6 Bxc3+ 10. bxc3 Qxg5 11. fxg7 Qxg7 12. Qd2 {'!?' Bulletin. Bulletin:
'N'} (12. Qf3 Nd7 13. Bxc4 O-O 14. O-O Nc5 15. Rad1 b6 $1 16. Qxa8 Bb7 17.
Qxf8+ Kxf8 $15) 12... Nc6 13. Nxc6 bxc6 14. Bxc4 Qe5+ 15. Kf1 Bb7 16. Rd1 O-O
17. h4 Rad8 {'!' Bulletin.} 18. Qxd8 Rxd8 19. Rxd8+ Kg7 20. Rh3 c5 21. Rg3+ Kf6
{'=/+!' Bulletin.} 22. Rd1 Qf4 23. Be2 Qxh4 24. Kg1 Qa4 25. Rd2 Bd5 26. c4 Bxc4
27. Bxc4 Qxc4 28. Rd7 Qc1+ 1/2-1/2

[Event "World Cup"]
[Site "Skelleftea"]
[Date "1989.08.??"]
[Round "13"]
[White "Karpov, Anatoly"]
[Black "Huebner, Robert"]
[Result "1/2-1/2"]
[WhiteElo "2755"]
[BlackElo "2605"]
[Annotator "Bulletin"]
[PlyCount "59"]
[EventDate "1989.08.??"]
[EventType "tourn"]
[EventRounds "15"]
[EventCountry "SWE"]
[EventCategory "16"]
[SourceTitle "CBM 014"]
[Source "ChessBase"]
[SourceDate "1990.02.01"]
[SourceVersion "1"]
[SourceVersionDate "1990.02.01"]
[SourceQuality "1"]

1. d4 Nf6 2. c4 e6 3. Nf3 d5 4. Nc3 dxc4 5. e4 Bb4 6. Bg5 c5 7. Bxc4 cxd4 8.
Nxd4 Bxc3+ 9. bxc3 Qa5 10. Bxf6 Qxc3+ 11. Kf1 gxf6 12. Rc1 Qa5 13. h4 Nc6 14.
Nxc6 bxc6 15. Rh3 Ke7 16. Rd3 Rd8 17. Rxd8 Qxd8 18. Qh5 Qd4 19. Qxh7 {'=/+?!'
Bulletin.} (19. Kg1 $5 Rb8 $6 (19... c5 $5 20. Be2 Rb8 21. Qxc5+ Qxc5 22. Rxc5
Bd7 23. Bd3 Rb4 24. Rh5 Rd4 25. Bc2 Rc4 26. Bb3 Rxe4 {Cebalo,M-Govedarica,R/
Belfort op/1989/0-1/53/}) 20. Bb3 Bd7 $2 (20... Rb4 $5 21. Rxc6 (21. Qxh7 Qxe4
22. Qxe4 Rxe4 23. Rxc6 Bd7 24. Rc4 f5 25. Rxe4 fxe4 26. g4 f6 $10 {Khenkin,
I-Yakovich,V/Podolsk GMA-qual/1989/1/2-1/2/56/}) 21... Bd7 22. Rc7 Qd6 23. Rxa7
Rxe4 24. Qa5 Re5 25. Qc3 Qb6 26. Rc7 Rf5 27. Qg3 Qb4 28. Qc3 Qb6 $10 {Dreev,
A-udasin,L/URS-FL Simferopol/1988/37/ -> CBM11}) (20... Qxe4 21. Qc5+ Ke8 22.
Qxa7 $13 Rb7 23. Qa8 Rc7 24. Ba4 Kf8 25. Bxc6 Qb4 26. Rd1 Kg7 27. g3 Qb6 28.
Bf3 Rc2 29. Rf1 Ba6 30. Be4 Rc8 {0-1; Shabtai,R-Flear,G/Tel Aviv/1989/}) 21.
Rd1 Qe5 22. Qxh7 Be8 (22... Rb4 $2 23. Rxd7+ Kxd7 24. Qxf7+ Kd8 25. Qf8+ $19) (
22... c5 $5 23. Rxd7+ Kxd7 24. Qxf7+ Kd6 25. Qxa7 Qa1+ 26. Kh2 Rxb3 27. Qa6+
Kc7 28. Qa5+ Kc6 29. Qa8+ Rb7 {Vegh,E-Schoen,W/Budapest Elekes/0-1/}) 23. Qh6
$1 Qxe4 24. Qd2 Qb4 25. Qd3 $16 {h-Bauer}) 19... Rb8 (19... c5 $1 $15 {/\ 20...
Bb7}) 20. Bb3 Ba6+ 21. Kg1 Bd3 22. Qg7 Bxe4 23. Qg3 {'!' Bulletin.} Rh8 {
Bulletin: '23...Rd8'} 24. Rc4 Qa1+ 25. Kh2 f5 26. Ra4 Ra8 27. Qc7+ Kf6 28. Qg3
Ke7 29. Qc7+ Kf6 30. Qg3 1/2-1/2

[Event "Morelia/Linares 23rd"]
[Site "Morelia/Linares"]
[Date "2006.03.11"]
[Round "14"]
[White "Vallejo Pons, Francisco"]
[Black "Topalov, Veselin"]
[Result "1/2-1/2"]
[WhiteElo "2650"]
[BlackElo "2801"]
[Annotator "CB"]
[PlyCount "60"]
[EventDate "2006.02.18"]
[EventType "tourn"]
[EventRounds "14"]
[EventCountry "ESP"]
[EventCategory "20"]
[SourceTitle "CBM 112"]
[Source "ChessBase"]
[SourceDate "2006.06.07"]
[SourceVersion "1"]
[SourceVersionDate "2006.06.07"]
[SourceQuality "1"]

1. d4 Nf6 2. c4 e6 3. Nf3 d5 4. Nc3 dxc4 5. e4 Bb4 {Topalov faces Vallejo with
one of his own weapons. In doing so, he might have counted on a certain
psychologic effect.} 6. Bg5 c5 ({Of course, it would have made little sense to
allow Vallejo make use of Ivanchuk's "lesson" in the variation starting with} 
6... b5) 7. Bxc4 ({Vallejo refrains from the main theoretical dispute, arising
after} 7. e5 {and which had brought him a win over Topalov last year in Monte
Carlo. After the game move, Black is supposed to be OK at the present stage of
theory.}) 7... cxd4 8. Nxd4 Bxc3+ 9. bxc3 Qa5 10. Bb5+ Bd7 11. Bxf6 gxf6 12.
Qb3 O-O 13. O-O Bxb5 14. Nxb5 Nc6 15. c4 Rad8 {#Something must have gone wrong
with Topalov's preparation. White can force a draw by perpetual whenever he
wants, something the World Champion had no special reasons to be interested in,
given the acute tournament situation.} 16. Qg3+ Kh8 17. Qh4 Kg7 18. Qg3+ Kh8
19. Qh4 Kg7 20. f4 Qd2 21. e5 fxe5 22. Qg5+ Kh8 23. Qf6+ Kg8 24. Qg5+ Kh8 25.
Qf6+ Kg8 26. Rf3 ({Technically speaking, this is a novelty, but it hardly
changes anything. Previously,} 26. Rae1 {had been played, invariably resulting
into a draw.}) 26... Rd3 27. Qg5+ Kh8 28. Qf6+ Kg8 29. Qg5+ Kh8 30. Qf6+ Kg8
1/2-1/2

[Event "Sankt Augustin"]
[Site "Sankt Augustin"]
[Date "1990.??.??"]
[Round "1"]
[White "Paehtz, Thomas Sr"]
[Black "Tischbierek, Raj"]
[Result "1/2-1/2"]
[WhiteElo "2430"]
[BlackElo "2440"]
[Annotator "ChessBase"]
[PlyCount "44"]
[EventDate "1990.??.??"]
[EventType "tourn"]
[EventRounds "11"]
[EventCountry "GER"]
[EventCategory "4"]
[SourceTitle "CBM 020 Extra"]
[Source "ChessBase"]
[SourceDate "1991.03.01"]
[SourceVersion "1"]
[SourceVersionDate "1991.03.01"]
[SourceQuality "1"]

1. d4 Nf6 2. c4 e6 3. Nf3 d5 4. Nc3 dxc4 5. e4 Bb4 6. Bg5 c5 7. Bxc4 cxd4 8.
Nxd4 Bxc3+ 9. bxc3 Qa5 10. Bxf6 Qxc3+ 11. Kf1 gxf6 12. Rc1 Qa5 13. Bb5+ (13. h4
$5 Nc6 14. Nxc6 bxc6 15. Rh3 Ba6 $6 {remis/32., Dokhoian-Gelfand, Vilnius 1988}
(15... Ke7 $146)) 13... Ke7 14. e5 fxe5 15. Qh5 Nd7 16. Qg5+ Kf8 17. Rxc8+ (17.
Qh6+ $6 Ke8 18. Qg7 Rf8 19. Qxe5 Qd2 20. Nb3 Qb4 $5 21. Qh5 a6 22. Bd3 b5 23.
Re1 Nf6 24. Qe5 Nd5 25. Nd4 Bb7 26. h4 Rd8 27. Rh3 {T} Qd6 28. Qg5 Ne7 29. Rd1
Rg8 30. Nxb5 Qb8 31. Qc1 Bxg2+ 32. Ke1 Bxh3 33. Nc7+ Kf8 34. Qh6+ Rg7 {0-1,
Kaidanov-Ivanchuk, Lvov 1987 (NIC Yearbook 8)}) 17... Rxc8 18. Bxd7 Qd8 19.
Nxe6+ fxe6 20. Qh6+ Ke7 21. Qxe6+ Kf8 22. Qh6+ (22. Qf5+ {remis, Oll-Dokhoian,
Vilnius 1988 und Huzman-Novikov, Lvov 1988 (i 45/482)}) 22... Ke7 1/2-1/2

[Event "URS-ch FL56"]
[Site "Simferopol"]
[Date "1988.??.??"]
[Round "?"]
[White "Dreev, Alexey"]
[Black "Yudasin, Leonid"]
[Result "1/2-1/2"]
[WhiteElo "2495"]
[BlackElo "2505"]
[Annotator "ChessBase"]
[PlyCount "74"]
[EventDate "1988.11.??"]
[EventType "tourn"]
[EventRounds "17"]
[EventCountry "URS"]
[EventCategory "10"]
[SourceTitle "CBM 011"]
[Source "ChessBase"]
[SourceDate "1989.08.01"]
[SourceVersion "1"]
[SourceVersionDate "1989.08.01"]
[SourceQuality "1"]

1. d4 Nf6 2. Nf3 e6 3. c4 d5 4. Nc3 dxc4 5. e4 Bb4 6. Bg5 c5 7. Bxc4 cxd4 8.
Nxd4 Bxc3+ 9. bxc3 Qa5 10. Bxf6 Qxc3+ 11. Kf1 gxf6 12. Rc1 Qa5 13. h4 Ke7 14.
Rh3 Nc6 15. Nxc6+ bxc6 16. Rd3 Rb8 17. Kg1 Rd8 $1 (17... Rb2 $6 18. Bb3 Qb6 19.
Qf3 Ba6 20. Rdc3 Bb7 21. Qg3 $6 (21. Ba4 $1 $16) 21... Rd8 22. e5 $5 $13 {
Savcenko,S-Yudasin,L/URS-FL56 Simferopol/1988/remis/30/ ->}) 18. Rxd8 Qxd8 19.
Qh5 Qd4 20. Bb3 Rb4 $1 21. Rxc6 Bd7 22. Rc7 Qd6 $1 23. Rxa7 Rxe4 24. Qa5 Re5
25. Qc3 Qb6 26. Rc7 Rf5 27. Qg3 Qb4 28. Qc3 Qb6 29. Qg3 Qb4 30. Rc1 Rf4 31. Rd1
Rxh4 32. Qd3 Qb5 33. Qd6+ Ke8 34. Qg3 Rh5 35. Bxe6 $1 $10 fxe6 36. Qg8+ Ke7 37.
Qg7+ Ke8 1/2-1/2

[Event "Debrecen"]
[Site "Debrecen"]
[Date "1989.??.??"]
[Round "?"]
[White "Eingorn, Vereslav S"]
[Black "Gelfand, Boris"]
[Result "1-0"]
[WhiteElo "2570"]
[BlackElo "2600"]
[Annotator "ChessBase"]
[PlyCount "65"]
[EventDate "1989.06.??"]
[EventType "tourn"]
[EventRounds "11"]
[EventCountry "HUN"]
[EventCategory "12"]
[SourceTitle "CBM 014"]
[Source "ChessBase"]
[SourceDate "1990.02.01"]
[SourceVersion "1"]
[SourceVersionDate "1990.02.01"]
[SourceQuality "1"]

1. d4 Nf6 2. c4 e6 3. Nf3 d5 4. Nc3 dxc4 5. e4 Bb4 6. Bg5 c5 7. Bxc4 cxd4 8.
Nxd4 Bxc3+ 9. bxc3 Qa5 10. Bb5+ Bd7 11. Bxf6 gxf6 (11... Qxc3+ $2 12. Kf1 gxf6
13. Rc1 {/\ 14.Rc8+}) 12. Qb3 a6 13. Be2 Nc6 14. O-O O-O (14... Qc7 {Eingorn,
V-Yudasin,L/URS-55ch/1988/ -> CBM 13} 15. Rab1 $5 Na5 16. Qa3 Rc8 17. c4 $1 $14
) 15. Rad1 $1 {/\ Rd1-d3-g3} Qc7 16. Qb2 (16. Rd3 Nxd4 17. cxd4 Bb5 $1 18. Rg3+
Kh8 19. Qe3 Rg8 $10) 16... Rfd8 17. Rd3 Ne7 (17... Nxd4 $5 18. cxd4 Bb5 19.
Rg3+ Kh8 20. Bxb5 axb5 21. f4 (21. d5 Qe5 $1) 21... Qb6 $1) 18. Qc1 Ng6 19. Rg3
Kh8 20. Qh6 Rg8 21. f4 Qd6 22. e5 $5 Qe7 $6 (22... fxe5 23. fxe5 Qxe5 (23...
Nxe5 $2 24. Qf6+ $18) 24. Rxf7 Rg7 25. Rxd7 Rxd7 26. Rxg6 Rxd4 $1 27. cxd4
Qxd4+ 28. Kf1 Qa1+ 29. Kf2 Qd4+ $10) 23. exf6 Qxf6 24. Bd3 Rac8 25. f5 exf5 26.
Bxf5 Bxf5 27. Rxf5 Qg7 28. Qd2 f6 29. Rh5 $1 Qf7 30. Rgh3 Ne5 (30... Nf8 31.
Nf5 Qc7 (31... Qe6 32. Rxh7+ $1) 32. Qd4 Qd8 33. Nd6 $1) 31. Qf4 $1 Rg7 32. Nf5
Qd7 33. Nxg7 1-0

[Event "Lippstadt 10th"]
[Site "Lippstadt"]
[Date "2000.07.13"]
[Round "8"]
[White "Dautov, Rustem"]
[Black "Schlosser, Philipp"]
[Result "1-0"]
[WhiteElo "2606"]
[BlackElo "2523"]
[Annotator "Dautov,R"]
[PlyCount "85"]
[EventDate "2000.07.06"]
[EventType "tourn"]
[EventRounds "11"]
[EventCountry "GER"]
[EventCategory "10"]
[SourceTitle "CBM 078"]
[Source "ChessBase"]
[SourceDate "2000.10.18"]
[SourceVersion "1"]
[SourceVersionDate "2000.10.18"]
[SourceQuality "1"]

1. d4 Nf6 2. c4 e6 3. Nf3 d5 4. Nc3 dxc4 5. e4 Bb4 6. Bg5 c5 7. Bxc4 cxd4 8.
Nxd4 Bxc3+ 9. bxc3 Qa5 10. Bb5+ Nbd7 11. Bxf6 Qxc3+ 12. Kf1 gxf6 13. h4 a6 14.
Rh3 Qa5 15. Be2 Nc5 16. Nb3 Nxb3 17. Qxb3 b6 {Diese Erfindung von I.Khenkin
bereitet Weiß in letzter Zeit Kopfzerbrechen.} 18. Rd1 (18. Rc1 Bb7 19. Qb2 (
19. Rc7 Bxe4 20. Re3 Bd5 21. Qb2 b5 22. Rec3 Rd8 $17 {Schmidt,W-Khenkin,I/
Lubniewice 1998}) 19... Qe5 20. Qxb6 Bxe4 21. Rg3 f5 22. Rd1 Rb8 23. Qa7 Rb7
24. Qxa6 Ke7 25. Qa3+ Kf6 26. Qc1 h6 27. Bd3 Rc7 28. Qa1 Qxa1 29. Rxa1 f4 $15 {
Nielsen,P-Khenkin,I/BL 9900}) 18... Bb7 19. Qb2 $146 {Eine Neuerung, die
Schwarz keine Schwierigkeiten bereiten sollte.} (19. Rf3 O-O (19... Qe5 $5) 20.
Rg3+ Kh8 21. Qe3 Rg8 22. Qh6 Rxg3 23. Qxf6+ Rg7 24. Rd8+ {1/2-1/2 Solozhenkin,
E-Khenkin,I/Reggio Emilia 2000}) 19... Qe5 $1 {Wie auch in den anderen
Abspielen zu sehen war, wird die zentralisierte schwarze Dame die Hauptrolle
bei der Verteidigung spielen.} 20. Qxb6 Bxe4 21. Rg3 {Weiß darf den schwarzen
Monarchen nicht entwischen lassen. Bei der Partievorbereitung strebte ich
diese Stellung an, da Weiß im Vergleich zu der Partie Nielsen-Khenkin ein
Mehrtempo hat. Am Brett jedoch gelang mir nicht mal einen minimalen weißen
Vorteil zu entdecken.} (21. Re3 $2 O-O 22. f3 Rfb8 $17) 21... f5 22. Bxa6 Ke7
$1 {Der schwarze König findet einen ruhigen Platz auf f6.} (22... Rb8 $2 23.
Qa7 $16) 23. Qb4+ Kf6 24. Qd2 h6 $2 {Nicht die beste Entscheidung, obwohl
dadurch das Stellungsgleichgewicht nicht gestört wird.} (24... Rhg8 25. Rxg8
Rxg8 26. g3 (26. f3 {/\Qh2} Bd5 $15) 26... f4 $1 27. gxf4 (27. Qxf4+ Qxf4 28.
gxf4 Rg4 $11) 27... Bg2+ 28. Kg1 Bc6+ (28... Bb7+ $4 29. Kh2 Rg2+ 30. Kh1 $19)
29. Kf1 Bb5+ (29... Bg2+ $11) 30. Bxb5 Qxb5+ 31. Qd3 Qxd3+ 32. Rxd3 Rg4 $11) ({
Mit} 24... f4 $1 {könnte sich Schwarz sogar einen kleinen Endspielvorteil
erspielen.} 25. Rg4 (25. Rg5 Bf5 {צg5} 26. Re1 Rhd8 $1 (26... Qd5 $2 27. Qb2+)
27. Qxd8+ Rxd8 28. Rxe5 Kxe5 $15) 25... Rxa6 26. Rxf4+ Bf5 (26... Kg7 27. Rxe4
Qxe4 28. Qg5+ Qg6 29. Qe5+ Qf6 (29... f6 $2 30. Rd7+ Kh6 31. Qe3+ Kh5 32. Qe2+
$16) 30. Qg3+ Kh6 31. Qe3+ Kg7 32. Qg3+ $11) 27. g4 Rg8 (27... Rxa2 28. Rxf5+
Qxf5 29. Qxa2 Qxg4 30. Qb2+ $44) 28. gxf5 Qb5+ 29. Qd3 Qxd3+ 30. Rxd3 e5 31.
Rff3 Rg4 $15) 25. f4 {Nun verdrängt Weiß die optimal stehende gegnerische Dame
und kommt zum Angriff auf den schwarzen Feldern.} Qc5 $6 {Eine weitere
Ungenauigkeit.} ({Besser war} 25... Qc7 26. Qb2+ Ke7 27. Rg6 $1 {, und nun
darf Schwarz nicht zu gierig sein:} {Dagegen zwingt Weiß das kaltblütige} Rhd8
$1 {zum Dauerschach.} (27... Qxf4+ $2 28. Kg1 Qe3+ (28... Bd5 29. Rxd5 $1 $18)
(28... Rhb8 29. Qa3+) 29. Kh2 Bd5 (29... Qf4+ 30. g3 $18) 30. Rxd5 $1 exd5 31.
Qb4+ $18) 28. Qf6+ Kf8 29. Qh8+ Ke7 $11) 26. Qb2+ Ke7 27. Rg6 $3 {Eine hübsche
Wendung, die Philipp übersehen hat.} (27. Rc3 $2 Rhb8 $15) 27... e5 $8 (27...
fxg6 28. Qg7+ Ke8 29. Qxh8+ Ke7 30. Qg7+ Ke8 31. Qxg6+ Ke7 32. Qg7+ Ke8 33.
Qd7+ Kf8 34. Qxe6 $18) (27... Rhf8 28. Bb5 Bd5 29. Qf6+ Kd6 30. Qe5+ Ke7 31.
Rxd5 $1 Qc1+ 32. Kf2 Rxa2+ 33. Kg3 $18) 28. Rgd6 Rhg8 29. Qxe5+ Qxe5 30. fxe5 {
Bisher war alles forciert, aber jetzt verpasst Schwarz die beste Verteidigung,
die zum Remis geführt hätte. Er sollte im jeden Fall den Zug Ba6-c4 verhindern.
} Rxg2 $2 (30... Bxg2+ $1 31. Kf2 Rg4 $1 32. Rxh6 (32. Rc1 Bd5 33. Rc7+ Kf8 34.
Rxh6 Kg7 35. Rd6 Rf4+ 36. Ke3 Rxh4 $11) (32. R1d2 Be4 $11) 32... Ra4 $11) 31.
Bc4 $16 {><f7 Dies bringt Schwarz in Schwierigkeiten. Der Bauer f7 wird fallen,
wonach der weiße Pe5 enorm an Kraft gewinnt.} Rh2 (31... Ra7 $2 32. e6 fxe6 33.
Rxe6+ Kf8 34. Rxe4 $18) 32. Rd7+ Ke8 33. Bxf7+ Kf8 34. Bc4 $1 ({Das natürliche
} 34. Bb3 $6 {erlaubt Schwarz, die Läufer zu tauschen.} Bc2 $1 35. R1d2 Rxd2
36. Rxd2 Bxb3 37. axb3 Rb8 $14) 34... Rc8 $2 {Der entscheidende Fehler.} ({Mit
} 34... Rxh4 {konnte Schwarz zumindest das materielle Gleichgewicht
wiederherstellen.} 35. R1d4 $1 {/\e6} (35. Bb3 Rh1+ 36. Kf2 Rxd1 37. Rxd1 Ra5
38. e6 Bc6 $14) 35... Rg4 36. Bb3 $1 (36. e6 Bg2+ 37. Kf2 Rxd4 38. Rxd4 Bc6 $14
) 36... Bg2+ (36... Rc8 37. R4d6 $40 Rc1+ 38. Ke2 Rg2+ 39. Ke3 Rg3+ (39... Re1+
40. Kd4 Rd2+ 41. Kc3) 40. Kd2 $16) 37. Kf2 Rxd4 38. Rxd4 Be4 39. Rd7 $16 {
Trotz des begrenzten (und gleichen) Materials ist die schwarze Stellung wenig
beneidenswert.}) 35. Rh7 $1 Rh1+ 36. Ke2 Rxd1 (36... Rh2+ 37. Ke3 Rh3+ 38. Kf2
Rh2+ 39. Kg3 Rg2+ 40. Kf4 Rg4+ 41. Ke3 Rg3+ 42. Kf2 Rg2+ 43. Kf1 $18) 37. Rh8+
Ke7 38. Rxc8 Rc1 (38... Rh1 39. e6) 39. e6 $1 (39. Be6 $2 Rh1 40. Bb3 f4 $132)
39... Kd6 $2 {Erleichtert die weiße Aufgabe.} ({Wesentlich zäher war} 39... Bd5
40. Rc7+ Kf6 (40... Kd6 41. e7) 41. e7 Rxc4 42. e8=Q Rxc7 {, und Weiß muß noch
die Überlegenheit seiner Dame demonstrieren.} 43. Qf8+ Ke5 44. Qb8 Kd6 45. Qd8+
Rd7 (45... Kc6 46. Qf6+ Kb7 47. Qxf5) 46. Qf6+ Kc5 47. Qxf5 $18) 40. Rd8+ Ke7
41. Rd7+ Ke8 42. Rc7 Rb1 43. a4 1-0

[Event "Leon"]
[Site "Leon"]
[Date "1992.??.??"]
[Round "3"]
[White "Tukmakov, Vladimir B"]
[Black "De la Villa Garcia, Jesus Maria"]
[Result "1/2-1/2"]
[WhiteElo "2535"]
[BlackElo "2450"]
[Annotator "Dautov,R"]
[PlyCount "62"]
[EventDate "1992.04.??"]
[EventType "tourn"]
[EventRounds "9"]
[EventCountry "ESP"]
[EventCategory "11"]
[SourceTitle "CBM 031"]
[Source "ChessBase"]
[SourceDate "1992.12.01"]
[SourceVersion "1"]
[SourceVersionDate "1992.12.01"]
[SourceQuality "1"]

1. d4 {Ftacnik} d5 2. Nf3 Nf6 3. c4 dxc4 4. Nc3 e6 5. e4 Bb4 6. Bg5 c5 7. Bxc4
cxd4 8. Nxd4 Bxc3+ 9. bxc3 Qa5 10. Bb5+ Nbd7 11. Bxf6 Qxc3+ 12. Ke2 Qb2+ $1 13.
Kf1 gxf6 14. h4 e5 15. Nb3 a6 16. Be2 Nf8 17. Qd6 Be6 18. Rd1 Rc8 19. Nc5 {N} (
19. Rh3 $2 Bxh3 20. gxh3 Qc3 21. Bg4 Qc4+ 22. Kg1 Rg8 23. Rc1 Qxc1+ 24. Nxc1 h5
$17 {Rodriguez,Or-Magem Badals,J Barselona 1992,CBM 30}) 19... Qb4 $17 20. Nxe6
Qxd6 21. Rxd6 (21. Ng7+ $4 Kd7 22. Bg4+ Ne6 $19) 21... Nxe6 $6 (21... Rc1+ $142
22. Rd1 Rxd1+ 23. Bxd1 Nxe6 $17) 22. g3 Rc1+ $6 (22... Ke7 $142 23. Rb6 Rc7 24.
Kg2 Rd8 25. Rhb1 Rd2 26. Bg4 Nc5 $17) (22... Nd4 {Ftacnik} 23. Bg4 Rc1+ 24. Kg2
Rxh1 25. Kxh1 $132) 23. Kg2 Rxh1 24. Kxh1 Ke7 25. Rb6 Nc5 (25... Rb8 {Ftacnik}
26. Bxa6 $1) 26. Bc4 Rd8 27. f3 $1 $10 (27. Bd5 $2 Rd6 28. Rxd6 Kxd6 $17) 27...
Rd2 (27... Rd7 28. Bd5 $10) 28. Kg1 Rc2 29. Bd5 a5 30. a4 Rc1+ 31. Kg2 Ra1 (
31... Ra1 32. Rb5 (32. Bxb7 {Ftacnik} Rxa4 33. Bd5 $132) 32... b6 33. Rxb6 Rxa4
34. Rc6 Ne6 (34... Nd7 35. Rc7 Rd4 36. Ra7 a4 37. Bc6 $14) 35. Bxe6 fxe6 36.
Rc7+ Kf8 37. Rxh7 Ra1 38. Ra7 a4 39. Kh3 a3 40. Kg4 a2 41. Kh5 Rg1 42. Rxa2
Rxg3 $10) 1/2-1/2